| 000 | 00539cam a2200217ua 4500 | ||
|---|---|---|---|
| 001 | 11816 | ||
| 005 | 20260515114813.0 | ||
| 008 | 191109n ii |||gr||||Z||||||eng | ||
| 020 | _a9788180303289 | ||
| 040 | _cMAIN | ||
| 082 | _a510 | ||
| 100 |
_aP.K. Chaurasya, _eAuthor. |
||
| 245 |
_aTrigonometry _cBy P.K. Chaurasya |
||
| 250 | _a1st ed. | ||
| 260 |
_aNew Delhi: _bCampus books international, _c2014. |
||
| 300 | _a223p. | ||
| 653 | _aMathematics | ||
| 653 | _aTrigonometry | ||
| 700 |
_aAkhilesh Pawar, _eAuthor. |
||
| 942 | _cBK | ||
| 999 |
_c10598 _d10598 |
||